LEADER 01180nam a2200289 i 4500 001 000000151147 003 CaOOAMICUS 005 20220530101826.0 008 060622s1946 it u000 u ita u 013 $a128485 040 $aSeMil$bita 100 1 $aShakespeare, William,$d<1564-1616>.$0(OLS)http://semarc/name/1186 240 10$aKing Lear.$0(OLS)http://semarc/title/440096 245 10$aRe Lear /$cW. Shakespeare ; tradotto e illustrato col testo a fronte da Cino Chiarini. 250 $a5. Ed. 264 1$aFirenze :$bSansoni,$c1946. 300 $aXLVII, 270 p. ;$c16 cm. 490 1 $aBiblioteca sansoniana straniera ;$v8 650 4$aShakespeare, William <1564-1616> - Opere.$0(OLS)http://semarc/subject/3624 700 1 $aChiarini, Cino.$0(OLS)http://semarc/name/8663 830 0$aBiblioteca sansoniana straniera ;$v8.$0(OLS)http://semarc/title/19727 850 $aSeMil 852 $aSeMil$W1$xVenegono$y1$m1W I 8$j103186$B103186$CSeMilBibl$Z2$F112267 $81 961 $aLascito: Gogna prof.ssa Silvia 996 $6245$aRe Lear$9(OLS)http://semarc/title/220949 996 $6264$aFirenze :$bSansoni$9(OLS)http://semarc/publisher/29843 LEADER 00987nam a2200229 i 4500 001 000000216194 003 CaOOAMICUS 005 20121008000000.0 008 121008s2009 it u000 u ita u 013 $a195075 040 $aSeMil$bita 245 10$aEmilio Longoni :$b2 collezioni /$ca cura di Giovanna Ginex. 260 $aBarlassina :$bBCC Credito Cooperativo,$c2009. 300 $a175 p. :$bill. ;$c29 cm. 500 $aCatalogo della Mostra tenuta a Milano, Galleria d'arte moderna dal 22 ottobre 2009 al 31 gennaio 2010. 650 4$aLongoni, Emilio .$0(OLS)http://semarc/subject/40229 700 1 $aGinex, Giovanna,$d<1950- >.$0(OLS)http://semarc/name/21246 850 $aSeMil 852 $aSeMil$W1$xVenegono$y1$m5J VII 26$j166613$B166613$CSeMilBibl$Z2$F183035 $81 961 $aOmaggio: Altro 996 $6245$aEmilio Longoni :$b2 collezioni$9(OLS)http://semarc/title/311006 996 $6260$aBarlassina :$bBCC Credito Cooperativo$9(OLS)http://semarc/publisher/52997 LEADER 01357nam a2200277 i 4500 001 000000230156 003 CaOOAMICUS 005 20230428112147.0 008 140528s1762 sz u000 u fre u 026 $ai-c. r.is o-ue sase (3) 1762 (R) 040 $aSeMil$bita 100 1 $aWolff, Christian Gottlieb,$c.$0(OLS)http://semarc/name/4704 245 10$aQuestions de droit naturel, et observations sur le traité du droit de la nature de m. le baron de Wolf par M. de Vattel. 260 $aA Berne :$bChez la Société typographique,$c1762. 300 $aXII, 439, [1] p. ;$c12°. 500 $aFregio xilogr. sul front. 500 $aTestate, iniz. xilogr. 500 $aSegn.: ?6 A-S12 T4 650 4$aDiritto naturale.$0(OLS)http://semarc/subject/788 700 1 $aVattel, Emer : de,$d<1714-1766>.$0(OLS)http://semarc/name/13195 710 2 $aSociété typographique$b.$0(OLS)http://semarc/name/79373 850 $aSeMil 852 $aSeMil$W1$xVenegono$y1$m2R III 65 FA$j180502$B180502$CSeMilBibl$Z2$F191485 $8I 996 $6245$aQuestions de droit naturel, et observations sur le traité du droit de la nature de m. le baron de Wolf par M. de Vattel$9(OLS)http://semarc/title/328954 996 $6260$aA Berne :$bChez la Société typographique$9(OLS)http://semarc/publisher/53777